000 00803nam a2200193Ia 4500
008 151121s9999||||xx |||||||||||||| ||und||
082 _a814/कालेल
082 _bHNW-11525
100 _aकालेलकर काका-संपा।
245 _aवात्सल्याची प्रसाद-दीक्षा
260 _b"सुलभ राष्ट्रीय ग्रंथमाला, पुणे।"
260 _c--
300 _a138
600 _aकालेलकर काका-संपा।
630 _aवात्सल्याची प्रसाद-दीक्षा
700 _aकालेलकर काका-संपा।
730 _aवात्सल्याची प्रसाद-दीक्षा
942 _cBOOK
999 _c1216340
_d1216337